| 000 | 00631nam a2200205 4500 | ||
|---|---|---|---|
| 003 | KOHA_MİRAKIL | ||
| 005 | 20260415083039.0 | ||
| 008 | 260415b tu ||||| |||| 00| 0 tur d | ||
| 040 |
_aTR-AnABB _btur _cTR-AnABB |
||
| 041 | _atur | ||
| 082 |
_a307.12561 _bPOL 1966 |
||
| 110 | 1 |
_aİzmir Ticaret Odası _93451 |
|
| 245 | 0 | 0 |
_aPolarize bölge seçimi ve aranan şartlar / _cİzmir Ticaret Odası |
| 260 |
_aİzmir : _bİzmir Ticaret Odası, _c1966 |
||
| 300 |
_a120 sayfa ; _c25 cm |
||
| 650 | 0 | 4 | _aBölge planlama |
| 650 | 0 | 4 | _aBölge planlama, Türkiye |
| 650 | 0 | 4 | _aBölgesel kalkınma |
| 942 |
_2ddc _cBK |
||
| 999 |
_c10247 _d10247 |
||
| 900 | _bCan ÇELIK | ||